00197nam a2200073Ia 4500008004100000050002400041100002000065245003800085230915s9999 xx 000 0 und d aHB 172.5. B37 2008  aRobert J. Barro 0amacroeconomics: a modern approach